000 00570nam a2200217 a 4500
999 _c5034
_d5034
001 5034
003 BD-JhCC
005 20171207113114.0
008 171207s1967 uk ||||| |||| 00| 0 eng d
035 _a(BD-JhCC)5034
040 _aBD-JhCC
_dBD-JhCC
041 _aeng
082 _a428.3
_bHER 1967
100 _aHerrington, J. O. A
245 _aEnglish for First Examination /
_cJ. O. A Herrington
260 _aLondon :
_bHeinemann educational Books ltd,
_c1967.
300 _a346 p. :
_c21 cm.
650 _aEnglish language
942 _2ddc
_cBK